Taylor Swift Songs by Summary - Click Quiz - Statistics

General Stats
  • This quiz has been taken 31 times
  • The average score is 17 of 20
Answer Stats
Hint Answer % Correct
critiques gender double standards by imagining how her life and actions would be perceived differently if she were a man The Man
100%
tells the story of interrupting a wedding to confess true love, capturing themes of courage, regret, and seizing the moment Speak Now
96%
portrays how she is misguidedly perceived as a curse or bad omen by others, using the metaphor of a large sea bird The Albatross
96%
a story about a woman seeking revenge and delivering justice after her friend is murdered by her unfaithful husband no body, no crime
92%
a passionate yet painful relationship portrayed through vivid color imagery Red
92%
struggles with self-worth and being her own worst enemy Anti-Hero
88%
portrays a doomed relationship born from escapism, where fleeing one love inevitably leads to betrayal and collapse Getaway Car
84%
reflecting on an ex who moved on effortlessly, leaving her to process the heartbreak and frustration he caused Mr. Perfectly Fine
84%
reminiscing about a childhood friendship marked by innocence and hidden pain seven
84%
recounts the life of Rebekah Harkness, weaving history, gossip, and rebellion into a story of legacy and misjudged women the last great american dynasty
84%
a bold declaration of ending a toxic on-again, off-again relationship We Are Never Ever Getting Back Together
84%
flips the script on a perceived adversary's obsession by framing it as flattering and ironically affectionate Actually Romantic
80%
a fierce fallout with a former friend turned rival Bad Blood
80%
reflects on a broken relationship with haunting curiosity, trying to pinpoint the moment love quietly fell apart How Did It End?
80%
examines the secrecy, guilt, and fleeting intimacy of a hidden relationship, highlighting the emotional toll of betrayal illicit affairs
80%
celebrates the idea of destiny by reflecting on the subtle moments of coincidences that led two people to end up together invisible string
80%
a fleeting summer romance remembered with longing and regret august
76%
plotting a love story, secretly orchestrating everything behind the scenes Mastermind
76%
uses the metaphor of a famous children's novel to depict a relationship that starts as magical but spirals into chaos and confusion Wonderland
76%
depicts an irresistible, ever-growing love that adapts and persists like a winding, flexible tree drawn toward someone’s pull willow
72%
No matching quizzes found
Score Distribution
Percent of People with Each Score
Percentile by Number Answered
Your Score History
You have not taken this quiz